00454 2200181 4500245004000000020002200040250001100062100001100073700002400084700001100108650002100119005001900140260005700159041001400216084001000230300002300240336000900263 aPerahu Nenek MoyangkucSukinihText a978-602-437-856-1 aCet. 1 aSukini aHartining Umiyatsih aKaniah aCerita Bergambar a20240926141717 aJakartabKementerian Pendidikan dan Kebudayaanc2019 aIndonesia a741.5 a26 hlm. :c29,7 cm atext